MARC details
| 000 -CABECERA |
| campo de control de longitud fija |
01011nam a2200229 a 4500 |
| 001 - NÚMERO DE CONTROL |
| campo de control |
000040384 |
| 005 - FECHA Y HORA DE LA ÚLTIMA TRANSACCIÓN |
| campo de control |
20201002034110.0 |
| 008 - DATOS DE LONGITUD FIJA--INFORMACIÓN GENERAL |
| campo de control de longitud fija |
130823s2000 mx 000 0 spa d |
| 020 ## - NÚMERO INTERNACIONAL ESTÁNDAR DEL LIBRO |
| Número Internacional Estándar del Libro |
9683664199 |
| 040 ## - FUENTE DE LA CATALOGACIÓN |
| Centro catalogador/agencia de origen |
DO-SdBNP |
| Lengua de catalogación |
spa |
| Centro/agencia transcriptor |
BNPHU |
| 100 1# - ENTRADA PRINCIPAL--NOMBRE DE PERSONA |
| Nombre de persona |
Torre Villar, Ernesto de la |
| 9 (RLIN) |
66281 |
| 245 10 - MENCIÓN DE TÍTULO |
| Título |
Elogio y defensa del libro / |
| Mención de responsabilidad, etc. |
Ernesto de la Torre Villar ; prólogo y notas al discurso de Juan Bautista Valenzuela Velazquez. |
| 250 ## - MENCIÓN DE EDICIÓN |
| Mención de edición |
4a. ed. |
| 260 ## - PUBLICACIÓN, DISTRIBUCIÓN, ETC. |
| Lugar de publicación, distribución, etc. |
México : |
| Nombre del editor, distribuidor, etc. |
Dirección General de Publicaciones y Fomento Editorial, |
| Fecha de publicación, distribución, etc. |
2000. |
| 300 ## - DESCRIPCIÓN FÍSICA |
| Extensión |
124, 14 páginas : ilustraciones. |
| 490 1# - MENCIÓN DE SERIE |
| Mención de serie |
Biblioteca del editor |
| 500 ## - NOTA GENERAL |
| Nota general |
Incluye datos biográficos del autor en la solapa de la portada |
| 504 ## - NOTA DE BIBLIOGRAFÍA, ETC. |
| Nota de bibliografía, etc. |
Incluye referencias bibliográficas y notas al pie de las páginas |
| 700 1# - PUNTO DE ACCESO ADICIONAL--NOMBRE DE PERSONA |
| Nombre de persona |
Valenzuela Velazquez, Juan Bautista, |
| Término indicativo de función/relación |
pról. |
| 9 (RLIN) |
66681 |
| 710 2# - PUNTO DE ACCESO ADICIONAL--NOMBRE DE ENTIDAD CORPORATIVA |
| Nombre de entidad corporativa o nombre de jurisdicción como elemento de entrada |
Universidad Nacional Autónoma de México. Dirección General de Publicaciones y Fomento Editorial |
| 9 (RLIN) |
66682 |
| 830 #0 - PUNTO DE ACCESO ADICIONAL DE SERIE-TÍTULO UNIFORME |
| Título uniforme |
Biblioteca del |
| 9 (RLIN) |
66683 |